[Event "GER-chT U10"]
[Site "Magdeburg"]
[Date "2014.12.28"]
[Round "4.3"]
[White "Dropp, Silvana"]
[Black "Fuhrmann, Bahne"]
[Result "0-1"]
[WhiteElo "865"]
[BlackElo "600"]
[PlyCount "58"]
[EventDate "2014.12.27"]
[EventType "team-swiss"]
[EventRounds "7"]
[EventCountry "GER"]
[SourceTitle "EXT 2016"]
[Source "ChessBase"]
[SourceDate "2015.10.08"]
[SourceVersion "1"]
[SourceVersionDate "2015.10.08"]
[SourceQuality "1"]
[WhiteTeam "Buende"]
[BlackTeam "Hamburger SK III"]
[WhiteTeamCountry "GER"]
[BlackTeamCountry "GER"]

1. e4 c5 2. Bc4 Nc6 3. Qf3 Nf6 4. e5 Nxe5 5. Qe2 d6 6. c3 e6 7. d4 cxd4 8. cxd4 Nc6 9. Nf3 Qe7 10. Bd2 d5 11. Bb4 Qxb4+ 12. Nbd2 Qxb2 13. Nb3 Bb4+ 14. Nbd2 dxc4 15. Rb1 Qxb1+ 16. Qd1 Bxd2+ 17. Nxd2 Qb4 18. 0-0 Qd6 19. Qe2 Nxd4 20. Re1 Z0 21. Qe4 b5 22. Nf3 e5 23. Nxd4 Be6 24. Nxe6 fxe6 25. f3 Qb6+ 26. Kf1 0-0 27. f4 Nxe4 28. Ke2 Rxf4 29. Kd1 Qd4+ 0-1

[Event "GER-chT U10"]
[Site "Magdeburg"]
[Date "2014.12.27"]
[Round "2.2"]
[White "Landgraf, Arthur"]
[Black "Dropp, Silvana"]
[Result "1-0"]
[WhiteElo "797"]
[BlackElo "865"]
[PlyCount "51"]
[EventDate "2014.12.27"]
[EventType "team-swiss"]
[EventRounds "7"]
[EventCountry "GER"]
[SourceTitle "EXT 2016"]
[Source "ChessBase"]
[SourceDate "2015.10.08"]
[SourceVersion "1"]
[SourceVersionDate "2015.10.08"]
[SourceQuality "1"]
[WhiteTeam "Berlin Schachunion II"]
[BlackTeam "Buende"]
[WhiteTeamCountry "GER"]
[BlackTeamCountry "GER"]

1. e4 e5 2. Nf3 Bc5 3. Nxe5 Qf6 4. d4 Bb4+ 5. Nc3 d6 6. Ng4 Qe7 7. a3 Bxc3+ 8. bxc3 Nf6 9. Nxf6+ gxf6 10. Qe2 h5 11. Bf4 Bg4 12. f3 Bd7 13. e5 Nc6 14. exd6 cxd6 15. Bxd6 Qxe2+ 16. Bxe2 Rg8 17. 0-0 Bf5 18. Bd3 Bxd3 19. cxd3 Kd7 20. Bf4 Rg7 21. Rab1 Rag8 22. g3 h4 23. g4 f5 24. Rxb7+ Ke6 25. Re1+ Kd5 26. Rd7# 1-0